00454nam a22001337a 4500003000500000038001800005082000800023100001700031245013200048264003200180650001800212700003300230856005700263NUST aNusrat Nadeem a200 aImran, Ahsan aRice production under heat stress: estimating the impact, nonlinearity and yield under future warming scenarios/cAhsan Imran,  aIslamabad:bS3H NUSTc2026. aMS-Economics  aSupervisor: Dr. Muhammad Ali uhttp://10.250.8.41:8080/xmlui/handle/123456789/57496